Jaroslav Benda 1882-1970 : typographic designs and letterforms /

Hlavní autor: Dočekalová, Petra, 1991-
Další autoři: Arellanes, Douglas, 1967-
Jazyk: Angličtina
Vydáno: In Prague : Academy of Arts, Architecture and Design, 2021
Vydání: First English edition
Témata:
Fyzický popis: 167 stran : ilustrace (převážně barevné), portréty, faksimile ; 32 cm
Knihy
Uloženo v:
LEADER 02498nam a2200625 i 4500
001 nkc20203276942
003 CZ PrNK
005 20220411123614.0
007 ta
008 201218s2021 xr ach f 001 0deng
015 |a cnb003276942 
020 |a 978-80-88308-39-3  |q (brožováno) 
035 |a (OCoLC)1302727948 
040 |a OLA001  |b cze  |e rda 
041 1 |a eng  |h cze 
043 |a e-xr--- 
045 |a x-x7 
072 7 |a 655  |x Polygrafie. Vydavatelství a knižní obchod  |2 Konspekt  |9 12 
080 |a 655.244  |2 MRF 
080 |a 766:655.26  |2 MRF 
080 |a 766:655  |2 MRF 
080 |a (437.3)  |2 MRF 
080 |a (048.8)  |2 MRF 
080 |a (084.11)  |2 MRF 
100 1 |a Dočekalová, Petra,  |d 1991-  |7 ola20181010779  |4 aut  |4 edt 
245 1 0 |a Jaroslav Benda 1882-1970 :  |b typographic designs and letterforms /  |c Petra Dočekalová et al. ; translation from the Czech: Douglas Arellanes 
250 |a First English edition 
264 1 |a In Prague :  |b Academy of Arts, Architecture and Design,  |c 2021 
300 |a 167 stran :  |b ilustrace (převážně barevné), portréty, faksimile ;  |c 32 cm 
336 |a text  |b txt  |2 rdacontent 
336 |a statický obraz  |b sti  |2 rdacontent 
337 |a bez média  |b n  |2 rdamedia 
338 |a svazek  |b nc  |2 rdacarrier 
500 |a Chronologický přehled 
500 |a 800 výtisků, 100 výtisků ručně číslovaných vytištěných na papíře Plike Royal Blue 
504 |a Obsahuje bibliografii, bibliografické odkazy a rejstřík 
600 1 7 |a Benda, Jaroslav,  |d 1882-1970  |7 jk01011524  |2 czenas 
648 7 |a 20. století  |7 ch460558  |2 czenas 
650 0 7 |a typografické písmo  |7 ph116510  |z Česko  |y 20. století  |2 czenas 
650 0 7 |a knižní grafika  |7 ph121677  |z Česko  |y 20. století  |2 czenas 
650 0 7 |a grafický design  |7 ph116550  |z Česko  |y 20. století  |2 czenas 
650 0 9 |a typefaces  |z Czechia  |y 20th century  |2 eczenas 
650 0 9 |a book design  |z Czechia  |y 20th century  |2 eczenas 
650 0 9 |a graphic design  |z Czechia  |y 20th century  |2 eczenas 
655 7 |a monografie  |7 fd132842  |2 czenas 
655 7 |a obrazové publikace  |7 fd132947  |2 czenas 
655 9 |a monographs  |2 eczenas 
655 9 |a pictorial works  |2 eczenas 
700 1 |a Arellanes, Douglas,  |d 1967-  |7 xx0109010  |4 trl 
910 2 |a BOA001  |b 4-1478.764 
928 9 |a Vysoká škola uměleckoprůmyslová v Praze 
990 |a BK 
995 |a 01 
991 |b 202202  |c NOV 
996 6 |b 2610890622  |c 4-1478.764  |l MZK  |r Sklad / do 1 hodiny  |n 0  |p p.v.  |w 001874047  |u 000010  |a 1  |e BOA001  |j MZK50  |s P